000 00487nam a2200193Ia 4500
003 GCL
005 20240530095846.0
008 140319s9999 xx 000 0 eng d
040 _aGCL /
_cGCL
082 0 4 _a759
_bG P
100 1 _aGROHMANN, WILL
245 1 0 _aPAUL KLEE /
_cGROHMANN, WILL
260 _a[S.N] :
_bTHAMES AND HUDSON ،
_c1987
300 _a127 P
650 0 4 _aSWITZERLAND - PAINTERS
650 0 4 _aPAINTERS AND PAINTINGS
650 0 4 _aKLEE, PAUL
942 _2ddc
_cBK
999 _c11445
_d11445